Municipalities of the Skopje Statistical Region with a Map - Statistics

General Stats
  • This quiz has been taken 232 times
  • The average score is 11 of 17
Answers on the Map
Answers color-coded by a green-red scale on the quiz's map according to % correct below.
 
Answer Stats
Municipality % Correct
Aerodrom
89%
Centar
83%
Čair
82%
Gjorče Petrov
80%
Gazi Baba
78%
Karpoš
72%
Kisela Voda
71%
Saraj
70%
Butel
69%
Šuto Orizari
67%
Ilinden
61%
Aračinovo
59%
Petrovec
58%
Sopište
55%
Čučer-Sandevo
50%
Zelenikovo
49%
Studeničani
48%
No matching quizzes found
Score Distribution
Percent of People with Each Score
Percentile by Number Answered
Your Score History
You have not taken this quiz